00554nam a22001937a 4500003001100000005001700011008004100028020001500069040003900084041000800123082001300131100002100144245002400165260004200189650002000231942000700251952008700258999001500345LK-CoMWRAF20230909013059.0230909b1974 |||||||| |||| 00| 0 eng d a0584106785 aLK-CoMWRAFdLK-CoMWRAFeLK-CoMWRAF aeng a823bSTR aStrong, Patience aNature's cathedral aLondon :bFrederick muller Ltd,c1974 aEnglish Fiction cBK 00104070aMAINbMAINd2023-09-09l0o823 STRpRAF990r2023-09-09w2023-09-09yBK c3499d3499